000
00227nam a2200097Ia 4500
008
220204s9999 xx 000 0 und d
082
_a
82-3
_b
BLY
100
_a
Blyton, Enid
245
0
_a
Mystery of the Pantomime cat
942
_c
BK
999
_c
37656
_d
37656